近鉄の駅名のイニシャルにあるひらがな - Statistics

General Stats
  • This quiz has been taken 9 times
  • The average score is 16 of 34
Answers on the Grid
Answers color-coded by a green-red scale on the quiz's grid according to % correct below.
 
Answer Stats
Answer % Correct
生駒、伊勢中川など
88%
王寺、大久保など
75%
笠縫、賢島など
75%
京都、近鉄名古屋など
75%
興戸、五位堂など
75%
青山町、菖蒲池など
63%
鵜方、宇治山田など
63%
津、鶴橋など
63%
二階堂、西青山など
63%
瓢箪山、平端など
63%
九条、桑名など
50%
榊原温泉口、桜井など
50%
塩浜、下市口など
50%
富雄、鳥羽など
50%
ファミリー公園前、布施など
50%
弥刀、南生駒など
50%
八戸ノ里、大和八木など
50%
恵我ノ荘、江戸橋
38%
前栽、勢野北口など
38%
高田市、高の原など
38%
千里、千代崎
38%
寺田、天理
38%
菜畑、名張など
38%
額田、布忍
38%
榛原、萩の台など
38%
平城、平群
38%
松阪、真菅など
38%
吉田、吉野など
38%
室生口大野、六田など
25%
元山上口、桃山御陵前など
25%
鈴鹿市
13%
結崎、湯の山温泉など
13%
若江岩田
13%
宝山寺、法善寺など
0%
No matching quizzes found
Score Distribution
Percent of People with Each Score
Percentile by Number Answered
Your Score History
You have not taken this quiz